|
|
|
|
| LEADER |
00664cam a2200205 7i4500 |
| 001 |
0000022697 |
| 005 |
20190613090000.0 |
| 008 |
080611 eng |
| 020 |
|
|
|a 9788121905022
|
| 020 |
|
|
|a 8121905028 (pbk.)
|
| 090 |
0 |
0 |
|a TA330
|b .D37 2007
|
| 100 |
1 |
|
|a Dass, H.K
|
| 245 |
1 |
0 |
|a Engineering mathematics
|c H.K. Dass.
|
| 250 |
|
|
|a 13th ed.
|
| 260 |
|
|
|a New Delhi:
|b S. Chand& Company Ltd.,
|c 2007.
|
| 300 |
|
|
|a xxv, 1062 p.:
|b ill.;
|c 25 cm.
|
| 500 |
|
|
|a Includes index
|
| 650 |
0 |
0 |
|a Engineering mathematics
|
| 997 |
|
|
|a Engineering & Life Sciences, Faculty
|b Engineering, Department
|
| 999 |
|
|
|a 0000031292
|b BOK
|c OPEN SHELF
|e 2nd Floor, Bestari Jaya
|